000 00788cam a2200229 4500
001 WB3611-35
008 000000n2000 000 0 eng u
035 _a(Sirsi) u104830
245 _aARLA calls for agents to be bonded
260 _c2000
490 _aNegotiator
_v 15(5) 10 March 2000, 6(1)
520 _aThe Association of Residential Letting Agents (ARLA) is urging landlords and tenants to only use agents who are members of its bonding scheme. The scheme has been restructured to protect rents and deposits.
590 _aWB
650 _aARLA
650 _aASSOCIATION OF RESIDENTIAL LETTING AGENTS
650 _aBONDING
650 _aMANAGING AGENTS
650 _aDEPOSITS
650 _aRENTS
690 _aPROPERTY MANAGEMENT-RESIDENTIAL PROPERTY
942 _n0
999 _c62884
_d62884